000 00644nam a22002297a 4500
003 UA-OsUOA
001 96983
007 ta
008 20130325b un ||||| |||| 00| 0 ukr d
100 _aМиксон И.
090 _a821.161.1
_bМ59
942 _cBK
040 _aUA-OsUOA
_brus
_cUA-OsUOA
_dUA-OsUOA
245 _aСвятое дело
_bповести и рассказы
300 _a526 с.
955 _a3
041 _arus
080 _a821.161.1
260 _aЛенинград
_bСоветский писатель
_c1988
650 7 _a82 Література. Літературознавство
_2UDC
999 _c383234
_d383234